<?xml version="1.0" encoding="UTF-8"?><?xml-stylesheet type="text/xsl" href="static/style.xsl"?><OAI-PMH xmlns="http://www.openarchives.org/OAI/2.0/" xmlns:xsi="http://www.w3.org/2001/XMLSchema-instance" xsi:schemaLocation="http://www.openarchives.org/OAI/2.0/ http://www.openarchives.org/OAI/2.0/OAI-PMH.xsd"><responseDate>2026-04-14T03:06:03Z</responseDate><request verb="GetRecord" identifier="oai:www.recercat.cat:20.500.12327/80" metadataPrefix="marc">https://recercat.cat/oai/request</request><GetRecord><record><header><identifier>oai:recercat.cat:20.500.12327/80</identifier><datestamp>2025-10-22T11:18:53Z</datestamp><setSpec>com_2072_4428</setSpec><setSpec>com_2072_4427</setSpec><setSpec>col_2072_487898</setSpec></header><metadata><record xmlns="http://www.loc.gov/MARC21/slim" xmlns:dcterms="http://purl.org/dc/terms/" xmlns:xsi="http://www.w3.org/2001/XMLSchema-instance" xmlns:doc="http://www.lyncode.com/xoai" xsi:schemaLocation="http://www.loc.gov/MARC21/slim http://www.loc.gov/standards/marcxml/schema/MARC21slim.xsd">
   <leader>00925njm 22002777a 4500</leader>
   <datafield ind2=" " ind1=" " tag="042">
      <subfield code="a">dc</subfield>
   </datafield>
   <datafield ind2=" " ind1=" " tag="720">
      <subfield code="a">Correa-Fiz, Florencia</subfield>
      <subfield code="e">author</subfield>
   </datafield>
   <datafield ind2=" " ind1=" " tag="720">
      <subfield code="a">Franzo, Giovanni</subfield>
      <subfield code="e">author</subfield>
   </datafield>
   <datafield ind2=" " ind1=" " tag="720">
      <subfield code="a">Llorens, Anna</subfield>
      <subfield code="e">author</subfield>
   </datafield>
   <datafield ind2=" " ind1=" " tag="720">
      <subfield code="a">Segalés, Joaquim</subfield>
      <subfield code="e">author</subfield>
   </datafield>
   <datafield ind2=" " ind1=" " tag="720">
      <subfield code="a">Kekarainen, Tuija</subfield>
      <subfield code="e">author</subfield>
   </datafield>
   <datafield ind2=" " ind1=" " tag="260">
      <subfield code="c">2018-10-19</subfield>
   </datafield>
   <datafield ind2=" " ind1=" " tag="520">
      <subfield code="a">Porcine circovirus 2 (PCV-2) is a virus characterized by a high evolutionary rate, promoting the potential&#xd;
emergence of diferent genotypes and strains. Despite the likely relevance in the emergence of new&#xd;
PCV-2 variants, the subtle evolutionary patterns of PCV-2 at the individual-host level or over short&#xd;
transmission chains are still largely unknown. This study aimed to analyze the within-host genetic&#xd;
variability of PCV-2 subpopulations to unravel the forces driving PCV-2 evolution. A longitudinal weekly&#xd;
sampling was conducted on individual animals located in three farms after the frst PCV-2 detection. The&#xd;
analysis of polymorphisms evaluated throughout the full PCV-2 genome demonstrated the presence&#xd;
of several single nucleotide polymorphisms (SNPs) especially in the genome region encoding for the&#xd;
capsid gene. The global haplotype reconstruction allowed inferring the virus transmission network&#xd;
over time, suggesting a relevant within-farm circulation. Evidences of co-infection and recombination&#xd;
involving multiple PCV-2 genotypes were found after mixing with pigs originating from other sources.&#xd;
The present study demonstrates the remarkable within-host genetic variability of PCV-2 quasispecies,&#xd;
suggesting the role of the natural selection induced by the host immune response in driving PCV-2&#xd;
evolution. Moreover, the efect of pig management in multiple genotype coinfections occurrence and&#xd;
recombination likelihood was demonstrated.</subfield>
   </datafield>
   <datafield ind1="8" ind2=" " tag="024">
      <subfield code="a">Correa-Fiz, Florencia, Giovanni Franzo, Anna Llorens, Joaquim Segalés, and Tuija Kekarainen. 2018. "Porcine Circovirus 2 (PCV-2) Genetic Variability Under Natural Infection Scenario Reveals A Complex Network Of Viral Quasispecies". Scientific Reports 8 (1). Springer Nature. doi:10.1038/s41598-018-33849-2.</subfield>
   </datafield>
   <datafield ind1="8" ind2=" " tag="024">
      <subfield code="a">2045-2322</subfield>
   </datafield>
   <datafield ind1="8" ind2=" " tag="024">
      <subfield code="a">http://hdl.handle.net/20.500.12327/80</subfield>
   </datafield>
   <datafield ind1="8" ind2=" " tag="024">
      <subfield code="a">https://doi.org/10.1038/s41598-018-33849-2</subfield>
   </datafield>
   <datafield ind2="0" ind1="0" tag="245">
      <subfield code="a">Porcine circovirus 2 (PCV-2) genetic variability under natural infection scenario reveals a complex network of viral quasispecies</subfield>
   </datafield>
</record></metadata></record></GetRecord></OAI-PMH>